000 00472nam a2200193Ia 4500
005 20250423095845.0
008 250422s9999 xx 000 0 und d
020 _a0-618-50307-2
050 _aQA 152.2 .A852/
100 _aAufmann, Richard N.
245 0 _aIntroductory algebra : an integrated approach
250 _a7th ed.
260 _aBoston
260 _bHoughton Mifflin Company
260 _c2006
300 _a565 p
650 _aAlgebra
942 _cBK
999 _c31543
_d31543